Govt. of
Madhya Pradesh

Indian And World Geography (Record no. 66213)

MARC details
000 -LEADER
fixed length control field 00303nam a22001097a 4500
082 ## - DEWEY DECIMAL CLASSIFICATION NUMBER
Classification number 910/SAI
100 ## - MAIN ENTRY--AUTHOR NAME
Personal name Saini, Bhumika
245 ## - TITLE STATEMENT
Title Indian And World Geography
Sub Title For UPSC and State civil services examination
260 ## - PUBLICATION, DISTRIBUTION, ETC. (IMPRINT)
Place of publication Chennai
Name of publisher McGraw Hill
Year of publication 2023
650 ## - SUBJECT ADDED ENTRY--TOPICAL TERM
Topical Term Geography
942 ## - ADDED ENTRY ELEMENTS (KOHA)
Koha item type Books
Holdings
Withdrawn status Lost status Damaged status Not for loan Home library Current library Date acquired Cost, normal purchase price Full call number Accession Number Price effective from Koha item type
        MACL MACL 25/10/2023 700.00 910/SAI DPI001532 25/10/2023 Books